Vista Kicks - Marceline (All lyrics) - Statistics

General Stats
  • This quiz has been taken 4 times
    3 since last reset
  • The average score is 140 of 208
Answer Stats
Answer % Correct
a
100%
and
100%
her
100%
Her
100%
here
100%
I
100%
in
100%
It
100%
it's
100%
It's
100%
Marceline,
100%
my
100%
no
100%
Oh
100%
on
100%
She
100%
the
100%
to
100%
when
100%
you
100%
You
100%
(You
100%
your
100%
ain't
50%
all
50%
another
50%
are
50%
back
50%
blame
50%
boots
50%
but
50%
change
50%
coulda
50%
cry
50%
damn
50%
days
50%
don't
50%
down
50%
else
50%
God
50%
gonna
50%
good
50%
goodbye
50%
got
50%
grew
50%
guy
50%
had
50%
hair
50%
hand
50%
have
50%
hold
50%
hurts
50%
I'm
50%
keeps
50%
kids
50%
kids)
50%
know
50%
late,
50%
lips
50%
love
50%
love)
50%
made
50%
man
50%
more
50%
never
50%
not
50%
now
50%
old
50%
one
50%
over
50%
pink
50%
ribbons
50%
same
50%
say
50%
she's
50%
shoulda
50%
stairs
50%
talking,
50%
these
50%
those
50%
through
50%
too
50%
town
50%
try
50%
understand
50%
up,
50%
walking,
50%
way,
50%
words
50%
Can't
0%
dreamin',
0%
find
0%
reason,
0%
No matching quizzes found
Score Distribution
Percent of People with Each Score
Percentile by Number Answered
Your Score History
You have not taken this quiz since the last reset